| 000 | 00000nas 2200000za 4500 |
| 001 | 9.500530 |
| 003 | CaOODSP |
| 005 | 20230503112837 |
| 007 | cr ||||||||||| |
| 008 | 150406c19969999onc|| p o||||f| |0fre|d |
| 022 | |a1494-037X |
| 040 | |aCaOODSP|bfre |
| 041 | |afre|aeng |
| 043 | |an-cn--- |
| 086 | 1 |aYC24-PDF |
| 110 | 1 |aCanada. |bParlement. |bSénat. |bComité sénatorial permanent des affaires juridiques et constitutionnelles. |
| 245 | 10|aProceedings of the Standing Senate Committee on Legal and Constitutional Affairs |h[ressource électronique] = |bDélibérations du Comité sénatorial permanent des affaires juridiques et constitutionnelles. |
| 246 | 11|aDélibérations du Comité sénatorial permanent des affaires juridiques et constitutionnelles. |
| 260 | |aOttawa :|ble Sénat,|c[1996]- |
| 310 | |aIrrégulier |
| 362 | 1 |a35e législature, 2e session, fascicule n° 1 (20/21 mars 1996) -- |
| 500 | |aLa numérotation reprend à chaque session au fascicule n° 1. |
| 546 | |aTexte en français et en anglais. |
| 791 | |tProceedings of the Standing Senate Committee on Legal and Constitutional Affairs |eeng|w(CaOODSP)9.500529 |